Princess Diaries Trivias - Statistics

General Stats
  • This quiz has been taken 177 times
    175 since last reset
  • The average score is 21 of 42
Answer Stats
Questions Answer % Correct
What country Mia’s royal family rules? Genovia
94%
Who Played Mia? Anne Hathaway
89%
^^It's national fruit Pear
85%
Mia’s last name before she knew she was a princess? Thermopolis
76%
Who played Queen Clarisse Julie Andrews
75%
What does Mia’s Mom do for a living? Artist
72%
^^What item did Mia dump on her Ice Cream
71%
How old was Mia in the second film 21
70%
Mia’s best friend? Lilly Moscovitz
69%
And the second film? 2004
67%
Name of Mia’s cat? Fat Louie
67%
^^How did Mia apologize to him Pizza
65%
^^Who did she end up marrying in the 2nd film? Joe
63%
Her real/royal last name? Renaldi
63%
Where in California Mia used to live? San Francisco
63%
"A queen is never too late, everyone else ____ _____ ____". is simply early
62%
What year did the first film get released? 2001
60%
^^Her brother's name Michael Moscovitz
57%
^^And what type of house she used to live in? Firetruck Station
55%
^^What its afraid of Snakes
55%
^^With? M&M's
54%
^^What item did Mia use to hit his face? Flipflop
49%
What type of car Mia's owns Mustang
49%
Who played Lana Thomas Mandy Moore
48%
Who falls in love with Mia on the second film? Lord Nicholas Deveraux
45%
What subject Mr. Patrick O'Connell teaches Debate Class
40%
^^Name of the Principal? Gupta
40%
^^Name of her Secretary Charlotte
39%
Who invited Mia to the beach Party? Josh Bryant
38%
Who played Princess Asana? Raven Symone
36%
Who exposed Mia being a princess in public? Paolo
32%
^^What’s the name of her Public tv show? Shut Up and Listen
32%
How did Mia spend her bachelorette slumber party? mattress surfing
31%
^^His Hobby? Photography
27%
Who did Mia suppose to marry in order to be queen Andrew Jacoby
23%
Mia’s half brother? Trevor
19%
Which was the movie based on or who wrote the novel? Meg Cabot
18%
Name of the horse in the second film Sandy
18%
^^What high school did she go to? Grove High School
16%
Mia’s father? King Rupert
15%
Where did Mia suppose to go when she was trying to runaway from the annual ball? Colorado
10%
^^His uncle and wants to be the air of Genovia? Clue: One of the member of the parliament. Viscount Mabrey
2%
No matching quizzes found
Score Distribution
Percent of People with Each Score
Percentile by Number Answered
Your Score History
You have not taken this quiz since the last reset